000
00189 a2200097 4500
020
_a
9788434814554
041
_a
spa
100
_a
William amus
245
_a
Azules contra Grises
942
_c
K
999
_c
27504
_d
27504